Implementácia IAS/IFRS vo vybranom poľnohospodárskom podniku diplomová práca

Na minha lista:
Detalhes bibliográficos
Autor principal: Mižík, Miloš
Autor Corporativo: Podnikovohospodárska fakulta EU so sídlom v Košiciach. Katedra účtovníctva a financií
Outros Autores: Manová, Eva, 1957-
Formato: Livro
Idioma:eslovaco
Publicado em: Košice 2013
Tags: Adicionar Tag
Sem tags, seja o primeiro a adicionar uma tag!

MARC

LEADER 00000nbm a2200000 4500
001 0170250
005 20161109102331.9
041 0 |a slo 
044 |a SK 
245 1 0 |a Implementácia IAS/IFRS vo vybranom poľnohospodárskom podniku  |b diplomová práca  |c Miloš Mižík ; školiteľ: Eva Manová 
264 1 |a Košice  |c 2013 
300 |a 82 s. 
100 1 |a Mižík, Miloš 
700 1 |a Manová, Eva, 1957- 
710 2 |a Podnikovohospodárska fakulta EU so sídlom v Košiciach. Katedra účtovníctva a financií